000 01011nam a2200265 a 4500
001 14455018
008 150901s2006 ||||||||||||||||| || u
010 _a2006050462
020 _a0821366726
020 _a9780821366745
020 _a0821366742 (v. 2)
020 _a9780821366721
050 _aIBRD(06)DS/2006/3
100 _aTakeuchi, Hirotaka
245 1 0 _aJapan, moving toward a more advanced knowledge economy: Advanced knowledge-creating companies.--Vol. 2
_cEdited by Hirotaka Takeuchi and Tsutomu Shibata
260 _aWashington, D.C.
_bWorld Bank
_c2006
300 _avii, 92p.: ill.
490 _aWBI development studies
500 _aIncludes bibliographical references.
650 0 _aJAPAN--ECONOMIC POLICY--1989-
650 0 _aKNOWLEDGE ECONOMY--JAPAN
650 0 _aJAPAN--ECONOMIC CONDITIONS--1989-
700 _aShibata, Tsutomu
995 _FCBU-MAIN LIBRARY (Kitwe)
_M1
_UAVAILABLE
_WSep 1, 2015
_ZInternational Publications
999 _c48429
_d48429